Ηλιαχτίδες : ποιήματα

Αποθηκεύτηκε σε:
Λεπτομέρειες βιβλιογραφικής εγγραφής
Κύριος συγγραφέας: Κλειδαρά, Ευγενία Φ., 1925-
Μορφή: Βιβλίο
Γλώσσα:Greek
Δημοσίευση: Αθήναι : [χ.ό.], 1978.
Έκδοση:[2η έκδ.].
Θέματα:
Ετικέτες: Προσθήκη ετικέτας
Δεν υπάρχουν, Καταχωρήστε ετικέτα πρώτοι!

MARC

LEADER 00000cam a2200000 i 4500
001 1/27487
008 130312s1978 gr | ||| |||| ||gre||
035 |l 10114022 
040 |a GR-MyUA  |b gre  |e AACR2 
041 0 |a gre 
082 0 |a 889.1  |2 (22) 
100 1 |a Κλειδαρά, Ευγενία Φ.,   |d 1925- 
245 1 0 |a Ηλιαχτίδες :   |b ποιήματα /   |c Ευγενία Κλειδαρά ; μελοποίηση Π. Κωτσόπουλου.  
250 |a [2η έκδ.].  
260 |a Αθήναι :   |b [χ.ό.],   |c 1978.  
300 |a ζ', 115 σ. ;   |c 25 εκ.  
500 |a Στη σελίδα τίτλου υπάρχει υπογραφή της Ηγουμένης Ευγενίας.  
504 |a Περιέχει παρτιτούρες.  
650 0 0 |a Greek poetry. 
852 |a INST  |b SAMOS  |c PORFYRIADA  |e 20130312  |h 889.1 ΚΛΕ  |p 005300039811  |q 005300039811  |t NOLOAN  |y 23 
901 |a BIBL3-2013-1 
909 |a Σ  |b 178046 
970 |a ΚΟΣΙΕΡΗΣ  |b ΧΡΗΣΤΟΣ  |z 2013/03/12